000 00473nam a2200169Ia 4500
999 _c35260
_d35260
003 OSt
005 20201216122837.0
008 190216s9999||||xx |||||||||||||| ||und||
040 _coclc
082 _a934.83
_bRAV/P
100 _aRavivarma, L A
_97586
245 0 _aPracheena Kerala Lipikal /
_cL A Ravivarma
260 _bSahakarana Sangam,
_aKottayam:
300 _a45p
650 _aMalayalam
942 _cREF
_2ddc
_h934.83
_iRAV/P
_k934.83
_mRAV/P